Para la Historia. Observaciones a la Memoria del ex Ministro de la Guerra don José Francisco Vergara escritas por encargo i publicadas con autorización del Jeneral Don Manuel Baquedano

Guardat en:
Dades bibliogràfiques
Autor principal: Lira, Máximo R. (autor)
Format: Llibre
Idioma:espanyol
Publicat: Santiago Imprenta de El Independiente 1882
Edició:1a. ed
Matèries:
Etiquetes: Afegir etiqueta
Sense etiquetes, Sigues el primer a etiquetar aquest registre!

MARC

LEADER 00000nam a2200000 a 4500
001 UCJ3877
003 CL-VaPUC
008 070124e18820000CL |||||||||||||||||spa|d
082 0 4 |a 351.05  |b LIR  |2 21 
100 |a Lira, Máximo R.  |e autor  |9 512608 
245 1 0 |a Para la Historia. Observaciones a la Memoria del ex Ministro de la Guerra don José Francisco Vergara escritas por encargo i publicadas con autorización del Jeneral Don Manuel Baquedano 
250 |a 1a. ed 
300 |a 144 p 
942 |c BK 
945 |d 20070124 00:00:00  |a rinostro 
260 |a Santiago  |b Imprenta de El Independiente  |c 1882 
600 0 |a Baquedano, Manuel  |9 504269 
600 0 7 |a VERGARA, JOSE FRANCISCO  |2 CL-VaPUC  |9 438237 
650 0 |a Guerra del Pacífico  |9 314886 
650 7 |a DOCUMENTOS  |2 CL-VaPUC  |9 366450 
650 7 |a CORRESPONDENCIA OFICIAL  |2 CL-VaPUC  |9 504342 
650 7 |a MEMORIAS MINISTERIALES  |2 CL-VaPUC  |9 396559 
583 |a last modification  |c 20141106 02:09:41  |k Rodrigo Vera 
999 |c 319996  |d 319994 
952 |0 0  |1 0  |4 0  |6 351_050000000000000_LIR_1882  |7 0  |8 X  |9 398420  |a FDOBUD  |b FDOBUD  |d 2019-11-22  |i 1010093  |o 351.05 LIR 1882  |p 1010093  |r 2019-11-22  |w 2019-11-22  |y BK_X  |k BUD